| 000 | 00473nam a2200181Ia 4500 | ||
|---|---|---|---|
| 003 | OSt | ||
| 005 | 20230530162723.0 | ||
| 008 | 210423s1985 xx 000 0 und d | ||
| 040 | _cAL | ||
| 041 | _aeng | ||
| 082 |
_a363.7 _223 _bCADG |
||
| 100 |
_aCADUTO (Michale J). _9117387 |
||
| 245 | _aGuide on environmental values education. | ||
| 260 |
_aFrance _bUNESCO _c1985 |
||
| 300 |
_av,26 _bPB |
||
| 906 | _aeducation ; environmental ; Guide ; values | ||
| 942 |
_2ddc _cBK |
||
| 999 |
_c174557 _d174557 |
||